000 00599nam a2200217Ia 4500
005 20250326144444.0
008 250326s9999 xx 000 0 und d
020 _a978-1-4221-7973-4
037 _aTextbook
040 _aFMSL
_beng
_cFMSL
041 _aeng
_2eng
084 _aX:74 P8
_qFMSL
100 _aPrahalad C K
245 0 _aEnd of corporate imperialism
_cPrahalad C K; Lieberthal K
260 _aBoston
_bBoston, Harvard Business
_c2008
300 _av,66
365 _b434.70150000000001
650 _aManagement
942 _cTB
_hX:74 P8
999 _c1303754
_d1303754